| 000 | 01812nam0a22003491 4500 | ||
|---|---|---|---|
| 001 | v19\rc\1950412 | ||
| 005 | 20251118180917.2 | ||
| 035 | _a(NLR Aleph) 005035441 | ||
| 090 |
_a6736169 _c6736169 |
||
| 100 | _a20080428d1913 u y0rusy50 ca | ||
| 101 | 0 | _arus | |
| 102 | _aRU | ||
| 105 | _aa z |||c| | ||
| 200 | 1 |
_aОчерк растительности Око-Ангарского края (Иркутской губернии) _fА.Н. Криштофович |
|
| 210 |
_aСанкт-Петербург _cтип. А.Э. Коллинс (б. Ю.Н. Эрлих) _d1913 |
||
| 215 |
_a[4], 184 с., 11 л. ил. _d27 |
||
| 225 | 1 |
_aПереселенческое управление Главного управления землеустройства и земледелия. Труды почвенно-ботанических экспедиций по исследованию колонизационных районов Азиатской России _iБотанические исследования 1910 года/Под ред. Б.А. Федченко _vВып. 3 _vЧ. 2 |
|
| 320 | _aБиблиогр.: "Список цитированной литературы" (с. 183-184) | ||
| 532 | 1 | 3 | _aОчерк растительности Око-Ангарского края Иркутской губернии |
| 700 | 1 |
_7ca _8rus _aКриштофович _bА. Н. _f1885-1953 _gАфрикан Николаевич _9140360 _3RU\NLR\AUTH\770140396 |
|
| 801 | 0 |
_aRU _bNLR _gpsbo |
|
| 801 | 0 |
_aRU _bRuMoRGB _2psbo |
|
| 801 | 1 |
_aRU _bProSoft-M _2rusmarc |
|
| 852 |
_aNLR _j37.33.4.5(3) |
||
| 899 |
_aRuMoRGB _jM 72/33 (1910, ч. 2, вып. 3) |
||
| 899 |
_aRuMoRGB _jU 67/145 |
||
| 899 |
_aRuMoRGB _jW 483/74 |
||
| 899 | _aБАН | ||
| 899 | _aНБ МГУ | ||
| 942 | _cBOOK | ||
| 980 | _aNB | ||